000
00308nmm a2200133 a 4500
003
AR-BaBNM
005
20251128203137.0
008
233119s1896 ||||||||||||||000 | spa||
040
_c
AR-BaBNM
245
1
0
_a
Escritos de Mariano Moreno
260
_a
Buenos Aires
_b
Coni
_c
1896
942
_c
BK
998
_c
PICASSO
999
_c
2113
_d
2113